5 Länder mit den meisten Touristen pro Kontinent - Statistiken

Allgemein
  • Dieses Quiz wurde 207 mal gespielt
  • Das Durchschnittsergebnis liegt bei 25 aus 30
Antwortstatistiken
Kontinent Touristen Land % Korrekt
Europa 85.2 m Spanien
98%
Afrika 14.9 m Ägypten
97%
Europa 34.8 m Deutschland
97%
Europa 57.2 m Italien
97%
Nordamerika 18.3 m Kanada
96%
Nordamerika 41.9 m Mexiko
96%
Nordamerika 66.5 m Vereinigte Staaten
96%
Südamerika 7.3 m Argentinien
95%
Ozeanien 7.2 m Australien
95%
Südamerika 5.9 m Brasilien
95%
Europa 100 m Frankreich
95%
Ozeanien 8.0 m Neuseeland
94%
Afrika 14.5 m Marokko
93%
Afrika 8.5 m Südafrika
93%
Südamerika 3.7 m Chile
91%
Südamerika 5.6 m Kolumbien
90%
Europa 37.2 m Vereinigtes Königreich
88%
Asien 28.2 m Thailand
85%
Asien 32.2 m Indien
82%
Afrika 9.4 m Tunesien
80%
Südamerika 3.8 m Uruguay
79%
Nordamerika 4.3 m Kuba
78%
Ozeanien 0.93 m Fidschi
77%
Asien 55.2 m Türkei
77%
Afrika 2.2 m Algerien
70%
Asien 28.2 m Vereinigte Arabische Emirate
69%
Nordamerika 8.1 m Dominikanische Republik
65%
Asien 27.4 m Saudi-Arabien
63%
Ozeanien 0.16 m Papua-Neuguinea
57%
Ozeanien 0.17 m Samoa
50%
Keine übereinstimmenden Quizze gefunden
Verteilung der Resultate
Anzahl Personen mit jedem Resultat
Perzentil nach korrekt beantworteten Fragen
Ihre Resultats-Entwicklung
Sie haben dieses Quiz noch nicht gespielt